Ergonomics: Man in his working environment / (Record no. 11130)
[ view plain ]
| 000 -LEADER | |
|---|---|
| fixed length control field | 00459cam a2200169ua 4500 |
| 003 - CONTROL NUMBER IDENTIFIER | |
| control field | OSt |
| 008 - FIXED-LENGTH DATA ELEMENTS--GENERAL INFORMATION | |
| fixed length control field | 250328b |||||||| |||| 00| 0 eng d |
| 020 ## - INTERNATIONAL STANDARD BOOK NUMBER | |
| ISBN | 0-412-21990-5 |
| 041 ## - LANGUAGE CODE | |
| Language code of text/sound track or separate title | eng |
| 082 ## - DEWEY DECIMAL CLASSIFICATION NUMBER | |
| Classification number | 620.82 |
| Item number | MUR/ER |
| 100 ## - MAIN ENTRY--AUTHOR NAME | |
| Personal name | Murrell, Hywel K F. |
| 245 ## - TITLE STATEMENT | |
| Title | Ergonomics: Man in his working environment / |
| 260 ## - PUBLICATION, DISTRIBUTION, ETC. (IMPRINT) | |
| Place of publication | London : |
| Name of publisher | Chapman and Hall Ltd , |
| Year of publication | 1986. |
| 300 ## - PHYSICAL DESCRIPTION | |
| Number of Pages | 496 ; . |
| 650 ## - SUBJECT ADDED ENTRY--TOPICAL TERM | |
| Topical Term | Human Factors- Engineering |
| 942 ## - ADDED ENTRY ELEMENTS (KOHA) | |
| Koha item type | Books |
| Withdrawn status | Lost status | Damaged status | Home library | Current library | Date acquired | Full call number | Accession Number | Koha item type | Collection code | Shelving location | Source of acquisition | Cost, normal purchase price |
|---|---|---|---|---|---|---|---|---|---|---|---|---|
| KAUAET | KAUAET | 01/11/1988 | 620.82 MUR/ER | 16403 | Books | |||||||
| KAUAET | KAUAET | 31/03/2018 | 620.82 MUR/ER | 25720 | Reference | Reference | Reference | Vigyan Books | 7894.02 |
